01360nam a22003617a 450000500170000000800410001701000100005801100100006803500100007808200140008811000460010224500860014826000450023430000300027950000140030959000410032359000410036459000410040559000410044659000410048759000420052865000520057065000260062265000390064870000480068770000340073570000310076990100070080094900600080794900600086794900540092799900170098120220817043119.0971010s1990 r 00010 d a66103 a67075 a76266 a628.1bS6 aSociedad Mexicana de la Ciencia del Suelo aAprovechamiento del agua y los fertilizantes en las regiones áridas de México a[Torreón, Coah.] :bLa Sociedad,c1990 a338 p.b: ilus.; gráfs. a1992-1095 aBATCH-UPDb10c20130110lUCH01h0103 aBATCH-UPDb10c20130110lUCH01h0638 aBATCH-UPDb10c20130409lUCH01h2052 aBATCH-UPDb10c20130410lUCH01h1058 aBATCH-UPDb10c20130913lUCH01h2235 aCONVERSIONb10c20130109lUCH01h133614aAguaxAprovechamientoxRegiones áridas.9230214aFertilizantes.94044714aSuelosxRegiones áridas.91104750 aHernández González, José Luis.9540720 aJasso Ibarra, Rodolfo.9612200 aMonter Helu, Mario.977801 aBK a628.1 S6bZAcLIBROd-67532eLIBROfc.2h5756i76266si a628.1 S6bZAcLIBROd-67534eLIBROfc.3h5757i76266si a628.1 S6bZAcLIBROd-9285eLIBROh5755i76266si c66103d66103